<?xml version="1.0" encoding="UTF-8"?>
<record
    xmlns:xsi="http://www.w3.org/2001/XMLSchema-instance"
    xsi:schemaLocation="http://www.loc.gov/MARC21/slim http://www.loc.gov/standards/marcxml/schema/MARC21slim.xsd"
    xmlns="http://www.loc.gov/MARC21/slim">

  <leader>02629cam a2200325 i 4500</leader>
  <controlfield tag="001">991107415242906196</controlfield>
  <controlfield tag="005">20250612134919.0</controlfield>
  <controlfield tag="007">ta</controlfield>
  <controlfield tag="008">241018t20242024enka          000 1 eng d</controlfield>
  <datafield tag="020" ind1=" " ind2=" ">
    <subfield code="a">9781639734481</subfield>
    <subfield code="q">(hardcover)</subfield>
  </datafield>
  <datafield tag="020" ind1=" " ind2=" ">
    <subfield code="a">9781526675217</subfield>
    <subfield code="q">(paperback)</subfield>
  </datafield>
  <datafield tag="035" ind1=" " ind2=" ">
    <subfield code="a">(OCoLC)1461837775</subfield>
    <subfield code="z">(OCoLC)1419441093</subfield>
    <subfield code="z">(OCoLC)1460686306</subfield>
    <subfield code="z">(OCoLC)1464121500</subfield>
  </datafield>
  <datafield tag="035" ind1=" " ind2=" ">
    <subfield code="a">(OCoLC)on1461837775</subfield>
  </datafield>
  <datafield tag="040" ind1=" " ind2=" ">
    <subfield code="a">GCmBT</subfield>
    <subfield code="b">eng</subfield>
    <subfield code="e">rda</subfield>
    <subfield code="e">rda</subfield>
    <subfield code="c">JQR</subfield>
    <subfield code="d">JQR</subfield>
    <subfield code="d">IK2</subfield>
    <subfield code="d">OCLCO</subfield>
    <subfield code="d">OCLCQ</subfield>
    <subfield code="d">WC4</subfield>
    <subfield code="d">MTG</subfield>
    <subfield code="d">OCLCO</subfield>
    <subfield code="d">JTH</subfield>
    <subfield code="d">YU6</subfield>
    <subfield code="d">WZW</subfield>
    <subfield code="d">OCLCO</subfield>
    <subfield code="d">FTB</subfield>
    <subfield code="d">YDX</subfield>
    <subfield code="d">BDX</subfield>
    <subfield code="d">GK8</subfield>
    <subfield code="d">LMJ</subfield>
    <subfield code="d">SDG</subfield>
    <subfield code="d">IG#</subfield>
    <subfield code="d">SDD</subfield>
    <subfield code="d">DEERP</subfield>
    <subfield code="d">MWD</subfield>
    <subfield code="d">AUNTL</subfield>
    <subfield code="d">JNA</subfield>
    <subfield code="d">VAJ</subfield>
    <subfield code="d">SINLB</subfield>
    <subfield code="d">MNX</subfield>
    <subfield code="d">IBI</subfield>
    <subfield code="d">CaOTV</subfield>
  </datafield>
  <datafield tag="041" ind1="0" ind2=" ">
    <subfield code="a">eng</subfield>
  </datafield>
  <datafield tag="050" ind1="1" ind2="4">
    <subfield code="a">PR6103.L375</subfield>
    <subfield code="b">W66 2024</subfield>
  </datafield>
  <datafield tag="100" ind1=" " ind2=" ">
    <subfield code="a">Clarke, Susanna,</subfield>
    <subfield code="e">author.</subfield>
    <subfield code="1">https://id.oclc.org/worldcat/entity/E39PBJj8MBwVBRFcktKgDtkqwC</subfield>
    <subfield code="9">25387</subfield>
  </datafield>
  <datafield tag="245" ind1="1" ind2="4">
    <subfield code="a">The wood at midwinter </subfield>
    <subfield code="c">/ Susanna Clarke ; illustrated by Victoria Sawdon.</subfield>
  </datafield>
  <datafield tag="264" ind1=" " ind2="1">
    <subfield code="a">London ;</subfield>
    <subfield code="a">New York :</subfield>
    <subfield code="b">Bloomsbury Circus,</subfield>
    <subfield code="c">2024</subfield>
  </datafield>
  <datafield tag="300" ind1=" " ind2=" ">
    <subfield code="a">60 pages :</subfield>
    <subfield code="b">illustrations ;</subfield>
    <subfield code="c">21 cm</subfield>
  </datafield>
  <datafield tag="520" ind1=" " ind2=" ">
    <subfield code="a">The Wood at Midwinter is a haunting, fable-like novella set in the days approaching Christmas. It centres on Merowdis Scott, a peculiar and saintly 19-year&#x2011;old who possesses an uncanny ability to converse with animals and trees.

One wintry afternoon, Merowdis takes her dogs&#x2014;Pretty and Amandier&#x2014;and her pig, Apple, for a walk in the woods. There, she encounters both a blackbird and a fox, and as dusk gathers, a mysterious presence emerges from the forest, forever altering her path 
waterstones.com

Through her communion with the woodland&#x2014;described almost as a cathedral&#x2014;Merowdis expresses her longing for a child born in midwinter, who might bring light amid darkness. The forest reveals to her a vision: she cradles a bear cub, rather than a baby, understanding that a true saint must face sacrifice. The fox cryptically remarks that Merowdis now &#x201C;belongs to the wood&#x201D;.

Her sister Ysolde returns and notices Merowdis&#x2019; disappearance and the abandoned bonnet. Merowdis eventually emerges, proclaiming that her child will come in a time of &#x201C;cold and pain,&#x201D; bringing joy. Yet, as she steps into the trees once more, Ysolde is left uncertain and frightened.

The tale closes with a church painting depicting Merowdis in black, bearing a bear cub&#x2014;a symbol of her sacrifice and holiness.</subfield>
  </datafield>
  <datafield tag="650" ind1=" " ind2="0">
    <subfield code="a">Young women</subfield>
    <subfield code="v">Fiction</subfield>
    <subfield code="9">24099</subfield>
  </datafield>
  <datafield tag="650" ind1=" " ind2="0">
    <subfield code="a">Coming of age</subfield>
    <subfield code="v">Fiction.</subfield>
  </datafield>
  <datafield tag="650" ind1=" " ind2="0">
    <subfield code="a">Human-animal relationships.</subfield>
    <subfield code="9">25176</subfield>
  </datafield>
  <datafield tag="650" ind1=" " ind2="0">
    <subfield code="a">Outdoor life</subfield>
    <subfield code="9">25388</subfield>
  </datafield>
  <datafield tag="650" ind1=" " ind2="0">
    <subfield code="a"> Magic</subfield>
    <subfield code="v">Fiction.</subfield>
    <subfield code="9">24059</subfield>
  </datafield>
  <datafield tag="655" ind1=" " ind2="0">
    <subfield code="a">Fantasy fiction.</subfield>
    <subfield code="9">22510</subfield>
  </datafield>
  <datafield tag="700" ind1=" " ind2=" ">
    <subfield code="a">Sawdon, Victoria,</subfield>
    <subfield code="d">1972-</subfield>
    <subfield code="e">illustrator.</subfield>
  </datafield>
  <datafield tag="942" ind1=" " ind2=" ">
    <subfield code="2">lcc</subfield>
  </datafield>
  <datafield tag="952" ind1=" " ind2=" ">
    <subfield code="0">0</subfield>
    <subfield code="1">0</subfield>
    <subfield code="2">lcc</subfield>
    <subfield code="4">0</subfield>
    <subfield code="7">0</subfield>
    <subfield code="a">TBS</subfield>
    <subfield code="b">TBS</subfield>
    <subfield code="d">2025-06-12</subfield>
    <subfield code="l">1</subfield>
    <subfield code="o">P-EN CLA</subfield>
    <subfield code="p">B07542</subfield>
    <subfield code="r">2025-12-22</subfield>
    <subfield code="s">2025-07-17</subfield>
    <subfield code="t">1</subfield>
    <subfield code="w">2025-06-12</subfield>
    <subfield code="y">1</subfield>
  </datafield>
  <datafield tag="999" ind1=" " ind2=" ">
    <subfield code="c">4717</subfield>
    <subfield code="d">4717</subfield>
  </datafield>
</record>
